000 00643nam a22001937a 4500
005 20251108173337.0
008 250721s1998 xx 000 0 ara d
082 1 4 _aط/551.6/لما
100 1 _aغالي، وجدي رزق
_eTran.
245 1 0 _aلماذا يصعق البرق؟ : أسئلة يوجهها الأطفال عن الطقس /
264 1 _aبيروت :
_bمكتبة لبنان ناشرون،
_c1998.
300 _a21ص.
490 0 _aالسنابل
650 1 7 _aالأحوال الجوية
650 1 7 _aالبرق
653 _a(سنوات 9-6) أطفال مرحلة متوسطة
942 _2ddc
_cBK
999 _c101705
_d101705